000 00529nam a2200217Ia 4500
003 OSt
005 20220923230714.0
006 a|||||r|||| 00| 0
007 ta
008 Pun
024 _a304,910
037 _cTextual
040 _aARTS
_cARTS
_bPun
041 _2Pun
_aPun
082 _aV51:21wC643, 153K8
245 0 _aਚਾਨਣ ਦੀ ਇਕ ਲੀਕ
260 _c1968
650 _aਭਾਰਤੀਯ ਇਤਿਹਾਸ
942 _hV51:21wC643, 153K8
_cTEXL
_2CC
999 _c386717
_d386717